000 01255nam a2200241Ia 4500
003 Ost
005 20260507075210.0
008 260507s9999||||xx |||||||||||||| ||und||
020 _a85252499539
040 _cfsecg
041 _aara
082 _a330
100 _aدخيل، محمد حسن
_eمؤلف
245 0 _aإشكاليات التنمية الاقتصادية المتوازنة :
_bدراسة مقارنة /
_c محمد حسن دخيل
260 _aبيروت:
_bمنشورات الحلبي الحقوقية,
_c2009
300 _a432 صفحة؛
_c24 سم
504 _aمراجع ص.417 ؛ ملاحق ص.377
520 _aدراسة اشكاليات بحثية اساسية يتعلق ابرزها بالتاثير المتبادل بين التنمية والسياسة حيث بين العلاقة بين التنمية والديموقراطية واهمية التنمية في المواثيق الدولية و الاقليمية و الشرائع الدينية و في مرتكزات النظام السياسي مع وضع مثال حي على الواقع الانمائي في لبنان.
653 _aالاقتصاد
653 _aالتنمية
653 _aالتنمية الاقتصادية
942 _cكتاب
999 _c43458
_d43458